000 00413nam a22001577a 4500
005 20230111123016.0
008 230111b ||||| |||| 00| 0 eng d
040 _cAACR 2
082 _a510 YER
100 _aYeri, Prakash
_914435
245 _aEngineering mathematics 2
260 _aBelagaum
_bEastern book promoters
_c2015
300 _b436p.
650 _aEngineering Mathematics
_914436
942 _2ddc
_cGF
999 _c194368
_d194368